| 000 | 00443cam a2200181ua 4500 | ||
|---|---|---|---|
| 020 | _c12.00 | ||
| 041 |
_aeng _h |
||
| 082 |
_a633.88 _bMIT/NE |
||
| 100 | _aMitra, C.R . | ||
| 245 |
_aNeem / _cC.R.Mitra. _hTextual Documents |
||
| 250 |
_a1 / _b. |
||
| 260 |
_aHyderabad : _bDr.M.S.Patel, secretory Indian oilseeds committee , _c1963. |
||
| 300 | _a190 ; . | ||
| 365 | _a12.00 | ||
| 504 | _a | ||
| 942 | _cBK | ||
| 999 |
_c1294 _d1294 |
||